000 00657nam a2200217Ia 4500
003 OSt
005 20250830092128.0
008 210210b1995 xxu||||| |||| 00| 0 eng d
040 _cAL
041 _aKannada
082 _a780.954K SASG
100 _aSASTRI (B V K), Ed.
_dಶಾಸ್ತ್ರಿ (ಬಿ ವಿ ಕೆ)
_9237930
245 _aGanakala manjari. samputa -1
_bಗಾನಕಲಾ ಮಂಜರಿ. ಸಂಪುಟ -1
260 _aBengaluru.
_bKannada Mattu Samskrathi Nirdeshanalaya.,
_c1995
300 _aiv,492
440 _a1
_9237931
650 _aSangitha
_9237932
690 _aMusic
_9237933
906 _a057705
942 _2ddc
_cBK
999 _c105191
_d105191